[Event "15th Asian-ch"]
[Site "Chengdu CHN"]
[Date "2017.05.18"]
[Round "7"]
[White "Al-Rakib, Abdullah"]
[Black "Gonzales, Jayson"]
[Result "1/2-1/2"]
[WhiteElo "2503"]
[BlackElo "2409"]
[EventDate "2017.05.12"]
[PlyCount "94"]

1.d4 g6 2.Nf3 Bg7 3.c3 d6 4.Bg5 h6 5.Bf4 Nd7 6.e4 e5 7.dxe5 dxe5 8.Be3 
Ngf6 9.Nfd2 Nf8 10.Be2 Ne6 11.g3 h5 12.h4 Ng4 13.Bxg4 hxg4 14.Qc2 Bd7 15.
Na3 Qe7 16.Nac4 b6 17.O-O-O O-O-O 18.Rhe1 Kb8 19.Nf1 Bc8 20.Rd5 f6 21.Red1
Bb7 22.Rxd8+ Nxd8 23.Qa4 Nc6 24.Qb3 Rd8 25.Rxd8+ Nxd8 26.Ncd2 Ne6 27.Qc2 
Qf7 28.f3 gxf3 29.g4 Bf8 30.Kb1 Qd7 31.Nh2 Ba6 32.c4 Nd4 33.Qd3 Bc8 34.
Bxd4 exd4 35.Nhxf3 Qxg4 36.Qxd4 Qf4 37.Kc2 Bh6 38.Qd8 a6 39.a3 Kb7 40.Qd5+
Ka7 41.c5 f5 42.Ne5 Qf2 43.Nc6+ Kb7 44.Ne7+ Kb8 45.Nc6+ Kb7 46.Ne7+ Kb8 
47.cxb6 Qxb6 1/2-1/2

[Event "15th Asian-ch"]
[Site "Chengdu CHN"]
[Date "2017.05.18"]
[Round "7"]
[White "Kakabaev, Mergen"]
[Black "Fang Yan"]
[Result "1/2-1/2"]
[WhiteElo "2350"]
[BlackElo "2443"]
[EventDate "2017.05.12"]
[PlyCount "70"]

1.e4 c5 2.Nf3 e6 3.d4 cxd4 4.Nxd4 a6 5.Bd3 Qc7 6.O-O Nc6 7.Nxc6 dxc6 8.Qe2
e5 9.Be3 Nf6 10.h3 Be7 11.Nd2 Be6 12.a4 O-O 13.a5 Bb4 14.Bc4 Bxa5 15.Bxe6 
Bxd2 16.Bxf7+ Qxf7 17.Bxd2 Qg6 18.Rfe1 Nh5 19.Ra3 Rad8 20.Rd3 h6 21.Be3 
Rxd3 22.Qxd3 Kh7 23.Rd1 Rf7 24.Qb3 b5 25.Rd8 a5 26.Rc8 a4 27.Qc3 Nf4 28.
Bxf4 exf4 29.Qxc6 Qxc6 30.Rxc6 Rd7 31.Rb6 Rd1+ 32.Kh2 Rb1 33.Rxb5 a3 34.
Ra5 axb2 35.Rb5 Rf1 1/2-1/2

[Event "15th Asian-ch"]
[Site "Chengdu CHN"]
[Date "2017.05.18"]
[Round "7"]
[White "Xu Minghui"]
[Black "Nguyen Van Huy"]
[Result "0-1"]
[WhiteElo "2286"]
[BlackElo "2442"]
[EventDate "2017.05.12"]
[PlyCount "94"]

1.d4 Nf6 2.c4 e6 3.Nc3 Bb4 4.Nf3 b6 5.e3 Bb7 6.Bd3 O-O 7.O-O d5 8.cxd5 
exd5 9.a3 Bd6 10.b4 a6 11.Qb3 Nbd7 12.a4 Qe7 13.Ba3 Rfe8 14.h3 c6 15.a5 b5
16.Rae1 Ne4 17.Bxe4 dxe4 18.Nd2 Nf6 19.f3 exf3 20.Rxf3 Bc8 21.Qb1 Be6 22.
Ref1 Bd5 23.e4 Nxe4 24.Ndxe4 Bxe4 25.Nxe4 Qxe4 26.Qxe4 Rxe4 27.Rxf7 Rf8 
28.Rxf8+ Bxf8 29.Rc1 Re3 30.Bb2 Rb3 31.Bc3 Kf7 32.Be1 Re3 33.Kf2 Re6 34.
Rc3 Ke7 35.Rf3 g6 36.Bc3 Bh6 37.d5 cxd5 38.Bd4 Re4 39.Bc5+ Ke6 40.Bf8 Bd2 
41.Bg7 Rf4 42.Rxf4 Bxf4 43.Ke2 Be5 44.Bh6 Bc3 45.Bf8 Bf6 46.Bh6 g5 47.Ke3 
Kf5 0-1

[Event "15th Asian-ch"]
[Site "Chengdu CHN"]
[Date "2017.05.18"]
[Round "7"]
[White "Dai Changren"]
[Black "Nguyen Huynh Minh Huy"]
[Result "1-0"]
[WhiteElo "2418"]
[BlackElo "2406"]
[EventDate "2017.05.12"]
[PlyCount "75"]

1.e4 c5 2.Nf3 d6 3.d4 cxd4 4.Nxd4 Nf6 5.Nc3 a6 6.h3 e5 7.Nb3 Be6 8.Be3 
Nbd7 9.g4 h6 10.f4 exf4 11.Bxf4 Ne5 12.Qe2 Be7 13.O-O-O Nfd7 14.Nd4 Bg5 
15.Bxg5 Qxg5+ 16.Kb1 O-O 17.Nf5 Nf6 18.Qh2 Bxf5 19.exf5 Rad8 20.Qd2 Qh4 
21.Bg2 Rfe8 22.b3 Nc6 23.Qf4 Qg5 24.Qxg5 hxg5 25.Rd3 Kf8 26.Rhd1 Ke7 27.
Na4 Ne5 28.Re3 b5 29.Nc5 Rb8 30.Nb7 Nd7 31.Nxd6 Red8 32.Nb7 Rdc8 33.Rxd7+ 
Kxd7 34.Rxe5 Re8 35.Nc5+ Kd6 36.Rd5+ Ke7 37.Rd7+ Kf8 38.Nxa6 1-0

[Event "15th Asian-ch"]
[Site "Chengdu CHN"]
[Date "2017.05.18"]
[Round "7"]
[White "Andyka, Pitra"]
[Black "Peng Xiongjian"]
[Result "0-1"]
[WhiteElo "2358"]
[BlackElo "2431"]
[EventDate "2017.05.12"]
[PlyCount "88"]

1.e4 e5 2.Nf3 Nc6 3.Bb5 a6 4.Ba4 Nf6 5.O-O Be7 6.d3 b5 7.Bb3 d6 8.a3 O-O 
9.Nc3 Bg4 10.Be3 Nd4 11.Bxd4 exd4 12.Nd5 Nd7 13.h3 Bxf3 14.Qxf3 Bg5 15.Qg3
Bh6 16.Nf4 Nb6 17.a4 Bxf4 18.Qxf4 b4 19.a5 Nd7 20.Qf5 c6 21.f4 Nc5 22.Bc4 
Rb8 23.Qh5 b3 24.cxb3 Nxb3 25.Ra2 Nc5 26.b3 Qe7 27.Raf2 Nxb3 28.f5 Qf6 29.
e5 dxe5 30.Bxa6 Nxa5 31.Ra2 Nb3 32.Bc4 h6 33.Rb1 Nc5 34.Rxb8 Rxb8 35.Ra5 
Nb7 36.Ra7 Nd6 37.Ba2 Rf8 38.g4 e4 39.Qg6 Qe5 40.dxe4 Qg3+ 41.Kf1 Qxh3+ 
42.Kg1 Qe3+ 43.Kh2 Qf2+ 44.Kh3 Nxe4 0-1

[Event "15th Asian-ch"]
[Site "Chengdu CHN"]
[Date "2017.05.18"]
[Round "7"]
[White "Tran Minh Thang"]
[Black "Zou Chen"]
[Result "1/2-1/2"]
[WhiteElo "2409"]
[BlackElo "2320"]
[EventDate "2017.05.12"]
[PlyCount "89"]

1.d4 Nf6 2.c4 c5 3.d5 e6 4.Nc3 exd5 5.cxd5 d6 6.Nf3 g6 7.Bf4 Bg7 8.Qa4+ 
Bd7 9.Qb3 Qc7 10.e3 Nh5 11.Bg5 O-O 12.Be2 h6 13.Bh4 Bg4 14.h3 Bxf3 15.Bxf3
Nf6 16.Bg3 a6 17.a4 Nbd7 18.O-O Rae8 19.Rac1 Nh7 20.Qa3 Be5 21.Bxe5 Rxe5 
22.b4 Ng5 23.Bg4 f5 24.Bd1 Ne4 25.f4 Re7 26.Nxe4 Rxe4 27.Bf3 Re7 28.e4 Qb6
29.bxc5 Nxc5 30.Rb1 Qa7 31.e5 Nxa4+ 32.Kh1 Nc5 33.g4 b6 34.gxf5 gxf5 35.
Rg1+ Kh7 36.e6 Rg7 37.Qc3 b5 38.Bh5 Rfg8 39.Rxg7+ Qxg7 40.Qxg7+ Rxg7 41.
Bf7 Rxf7 42.exf7 Kg7 43.Kg2 Kxf7 44.Kf3 Ke7 45.Ke3 1/2-1/2

[Event "15th Asian-ch"]
[Site "Chengdu CHN"]
[Date "2017.05.18"]
[Round "7"]
[White "Lin Yi"]
[Black "Winkelman, Albert"]
[Result "1-0"]
[WhiteElo "2397"]
[BlackElo "2029"]
[EventDate "2017.05.12"]
[PlyCount "101"]

1.d4 Nf6 2.c4 e6 3.Nf3 d5 4.g3 Be7 5.Bg2 O-O 6.Qc2 a6 7.b3 c6 8.Nbd2 Nbd7 
9.O-O Qc7 10.Bb2 Rd8 11.Rac1 dxc4 12.Nxc4 a5 13.a3 Nb6 14.Nce5 h6 15.Rfd1 
Bd7 16.e4 Be8 17.Qe2 Qb8 18.Nd3 Qa7 19.Nfe5 Rac8 20.h4 Nbd7 21.Nxd7 Bxd7 
22.Nf4 Qb6 23.Qc4 c5 24.e5 Nd5 25.Nxd5 exd5 26.Bxd5 Qg6 27.Bxb7 Rb8 28.Bg2
cxd4 29.Rxd4 Be6 30.Rxd8+ Bxd8 31.Bd5 Bb6 32.Kg2 Rc8 33.Qe4 Rxc1 34.Bxc1 
Qxe4+ 35.Bxe4 Bxb3 36.Bd2 Bc5 37.Bxa5 Bxa3 38.Bc3 Kf8 39.h5 Ke7 40.g4 Ke6 
41.Kg3 Bd5 42.Bf5+ Ke7 43.Bd3 Bc5 44.f3 Bc6 45.Bc4 Bb7 46.Bd2 Bc6 47.f4 
Bd4 48.Bb4+ Ke8 49.Bd6 Be3 50.Bd3 Kd7 51.Bf8 1-0

[Event "15th Asian-ch"]
[Site "Chengdu CHN"]
[Date "2017.05.18"]
[Round "7"]
[White "Pang Tao"]
[Black "Chen Qi B"]
[Result "1/2-1/2"]
[WhiteElo "2193"]
[BlackElo "2362"]
[EventDate "2017.05.12"]
[PlyCount "27"]

1.Nf3 Nf6 2.c4 g6 3.Nc3 Bg7 4.d4 O-O 5.g3 c6 6.Bg2 d5 7.Ne5 Nbd7 8.Nxd7 
Qxd7 9.cxd5 cxd5 10.O-O b6 11.Bf4 Bb7 12.Qd3 Rfc8 13.Rfd1 Ne8 14.Be5 
1/2-1/2

[Event "15th Asian-ch"]
[Site "Chengdu CHN"]
[Date "2017.05.18"]
[Round "7"]
[White "Wang Ting Hao"]
[Black "Odeev, Handszar"]
[Result "0-1"]
[WhiteElo "1652"]
[BlackElo "2417"]
[EventDate "2017.05.12"]
[PlyCount "92"]

1.e4 c5 2.Nf3 d6 3.Bb5+ Nd7 4.d4 cxd4 5.Qxd4 a6 6.Bxd7+ Bxd7 7.c4 e6 8.Nc3
Qc7 9.a4 Ne7 10.b3 Nc6 11.Qd2 Be7 12.Ba3 O-O 13.Rd1 Rfd8 14.Bxd6 Bxd6 15.
Qxd6 Qa5 16.Qd2 Be8 17.Qb2 Rxd1+ 18.Kxd1 b5 19.cxb5 axb5 20.Nxb5 Rd8+ 21.
Nd2 Nb4 22.Qc3 Bxb5 23.axb5 Qxb5 24.Qc4 Qb6 25.Ke2 Nd3 26.Qxd3 Rxd3 27.
Kxd3 Qxf2 28.b4 Qxg2 29.Rb1 Qh3+ 30.Kc2 Qxh2 31.b5 Qc7+ 32.Kd3 Qd6+ 33.Kc3
Qe5+ 34.Kd3 Qg3+ 35.Ke2 Qh2+ 36.Ke3 Qg3+ 37.Ke2 Qh2+ 38.Ke3 Qg3+ 39.Ke2 
Qc7 40.b6 Qb7 41.Rb4 h5 42.Nb3 Qe7 43.Rb5 Qd7 44.Rb4 Qd6 45.Rb5 Qc6 46.Rb4
Qc3 0-1

[Event "15th Asian-ch"]
[Site "Chengdu CHN"]
[Date "2017.05.18"]
[Round "7"]
[White "Zhu Jiner"]
[Black "Deng Tianle"]
[Result "1-0"]
[WhiteElo "2184"]
[BlackElo "2105"]
[EventDate "2017.05.12"]
[PlyCount "85"]

1.e4 e5 2.Nf3 Nc6 3.Bc4 Bc5 4.O-O Nf6 5.d3 d6 6.c3 a6 7.Bb3 O-O 8.Nbd2 h6 
9.Re1 Be6 10.Nf1 d5 11.exd5 Nxd5 12.Ng3 Re8 13.Bc2 Ba7 14.Qe2 Qd7 15.Qf1 
Bg4 16.Nd2 Rad8 17.h3 Be6 18.Nf3 Qd6 19.Nh4 Qd7 20.Nf3 Qd6 21.Nh4 Qd7 22.
Bd2 f5 23.Rad1 b5 24.a4 g5 25.Nf3 Qg7 26.axb5 axb5 27.d4 e4 28.Qxb5 Nde7 
29.Bb3 Qf7 30.Ne5 Nxe5 31.Bxe6 Qxe6 32.Qxe5 Qxe5 33.dxe5 Kf7 34.Re2 Ke6 
35.Ra1 Bb6 36.c4 Ra8 37.Bc3 Nc6 38.Kh2 Nxe5 39.Nxe4 fxe4 40.Rxe4 Bxf2 41.
Bxe5 Kf5 42.Re2 Rxa1 43.g4+ 1-0

[Event "15th Asian-ch"]
[Site "Chengdu CHN"]
[Date "2017.05.19"]
[Round "8"]
[White "Wang Hao"]
[Black "Bu Xiangzhi"]
[Result "1/2-1/2"]
[WhiteElo "2680"]
[BlackElo "2697"]
[EventDate "2017.05.12"]
[PlyCount "73"]

1.e4 e5 2.Nf3 Nc6 3.Bb5 a6 4.Ba4 Nf6 5.O-O b5 6.Bb3 Bb7 7.Re1 Bc5 8.c3 d6 
9.d4 Bb6 10.Be3 exd4 11.cxd4 Na5 12.Bc2 h6 13.Nbd2 O-O 14.d5 Bxe3 15.Rxe3 
c6 16.b4 Nc4 17.Nxc4 bxc4 18.dxc6 Bxc6 19.Nd4 Bd7 20.h3 Qb6 21.Qd2 c3 22.
Rxc3 Qxb4 23.Rd1 Rfe8 24.Nc6 Bxc6 25.Rxc6 Qxd2 26.Rxd2 Nxe4 27.Rd4 f5 28.
g4 Rec8 29.Rdc4 Rf8 30.Bxe4 fxe4 31.Rxe4 Rac8 32.Rec4 Rxc6 33.Rxc6 Rf3 34.
Rxa6 Rxh3 35.Rxd6 Ra3 36.Rd2 Kf7 37.Kg2 1/2-1/2

[Event "15th Asian-ch"]
[Site "Chengdu CHN"]
[Date "2017.05.19"]
[Round "8"]
[White "Sethuraman, Panayapan"]
[Black "Yu Yangyi"]
[Result "0-1"]
[WhiteElo "2633"]
[BlackElo "2743"]
[EventDate "2017.05.12"]
[PlyCount "86"]

1.e4 c5 2.Nf3 d6 3.d4 cxd4 4.Nxd4 Nf6 5.Nc3 a6 6.h3 e6 7.g4 Nfd7 8.g5 b5 
9.a3 Bb7 10.Be3 Nc6 11.h4 Be7 12.Qe2 Nde5 13.O-O-O Nc4 14.Nxc6 Bxc6 15.Bd4
O-O 16.Rg1 Rb8 17.f4 e5 18.Bf2 exf4 19.Qf3 Ne5 20.Qxf4 b4 21.axb4 Rxb4 22.
Nd5 Bxd5 23.Rxd5 f5 24.Bd4 Qc8 25.Be2 Qc6 26.Rg3 Ng6 27.Qd2 Ra4 28.b3 fxe4
29.Be3 Ra1+ 30.Kb2 Rh1 31.h5 Ne5 32.h6 g6 33.Ra5 Rh2 34.Bg1 Rxe2 35.Qxe2 
Nf3 36.Qd1 Rc8 37.Bd4 Nxd4 38.c4 Nf3 39.Rg4 Ne5 40.Rg3 Nxc4+ 41.bxc4 Qb6+ 
42.Rb5 Qf2+ 43.Kb1 axb5 0-1

[Event "15th Asian-ch"]
[Site "Chengdu CHN"]
[Date "2017.05.19"]
[Round "8"]
[White "Santosh Gujrathi, Vidit"]
[Black "Bai Jinshi"]
[Result "1-0"]
[WhiteElo "2687"]
[BlackElo "2586"]
[EventDate "2017.05.12"]
[PlyCount "79"]

1.d4 Nf6 2.c4 g6 3.f3 c5 4.d5 d6 5.e4 Bg7 6.Nc3 e6 7.Nge2 exd5 8.cxd5 a6 
9.a4 Nbd7 10.Ng3 h5 11.Be2 Nh7 12.Be3 O-O 13.Qd2 h4 14.Nf1 f5 15.exf5 gxf5
16.Bh6 Re8 17.Bxg7 Kxg7 18.Ne3 Qf6 19.g4 hxg3 20.hxg3 Ndf8 21.Nc4 Bd7 22.
Nb6 Rad8 23.O-O-O Re7 24.Nxd7 Rdxd7 25.Rh5 b5 26.axb5 axb5 27.Bxb5 Ra7 28.
Bd3 Ra1+ 29.Kc2 Rxd1 30.Nxd1 Qd4 31.Rh4 Qe5 32.Rf4 Qxd5 33.Rxf5 Qe6 34.
Qc3+ Nf6 35.g4 c4 36.Bxc4 d5 37.Rxd5 Rc7 38.g5 Qxd5 39.gxf6+ Kg6 40.Bxd5 
1-0

[Event "15th Asian-ch"]
[Site "Chengdu CHN"]
[Date "2017.05.19"]
[Round "8"]
[White "Adhiban, Baskaran"]
[Black "Sadorra, Julio Catalino"]
[Result "0-1"]
[WhiteElo "2672"]
[BlackElo "2575"]
[EventDate "2017.05.12"]
[PlyCount "100"]

1.e4 e6 2.Qe2 c5 3.Nf3 Nc6 4.g3 g6 5.Bg2 Bg7 6.O-O Nge7 7.c3 O-O 8.Na3 d6 
9.Nc2 e5 10.b4 h6 11.b5 Na5 12.d4 exd4 13.cxd4 Be6 14.Rd1 Bc4 15.Qe1 Bxb5 
16.dxc5 Ba4 17.Rxd6 Qc7 18.Bf4 g5 19.Rd4 gxf4 20.Rxa4 Bxa1 21.Nxa1 Nac6 
22.e5 Ng6 23.gxf4 Qd7 24.Nb3 Rad8 25.Re4 Kh7 26.Nbd4 Nxd4 27.Nxd4 Nh4 28.
e6 Qe7 29.exf7 Qf6 30.Ne2 Rxf7 31.Ng3 Rfd7 32.Qe2 Nxg2 33.Kxg2 Qc6 34.Qg4 
Rf7 35.Kh3 Rg8 36.Qe6 Qxe6+ 37.Rxe6 Rg6 38.Rxg6 Kxg6 39.Kg4 Rd7 40.f5+ Kg7
41.Ne4 Rd4 42.Kf4 Ra4 43.Ke5 Rxa2 44.Kd6 Kf8 45.Kc7 Rb2 46.Nd6 a5 47.Nc4 
Rc2 48.Nxa5 Rxc5+ 49.Kb6 Rxf5 50.Nxb7 Rxf2 0-1

[Event "15th Asian-ch"]
[Site "Chengdu CHN"]
[Date "2017.05.19"]
[Round "8"]
[White "Zhumabaev, Rinat"]
[Black "Nguyen Ngoc Truong Son"]
[Result "1/2-1/2"]
[WhiteElo "2625"]
[BlackElo "2632"]
[EventDate "2017.05.12"]
[PlyCount "112"]

1.e4 e5 2.Nf3 Nc6 3.Bc4 Bc5 4.O-O Nf6 5.d3 d6 6.c3 a6 7.a4 Ba7 8.h3 h6 9.
Re1 O-O 10.Nbd2 Be6 11.Bxe6 fxe6 12.b4 Nh5 13.Nf1 Qf6 14.Ra2 Nf4 15.Kh2 
Ne7 16.Be3 Rf7 17.Bxa7 Rxa7 18.Ng1 Qg6 19.g3 Nh5 20.Qg4 Ra8 21.Kg2 Rff8 
22.Qxg6 Nxg6 23.d4 Nf6 24.Nd2 Rf7 25.Ngf3 Nd7 26.h4 Raf8 27.Re2 exd4 28.
cxd4 Nb6 29.Ne1 Ne7 30.b5 Ra8 31.Nb3 axb5 32.axb5 Rff8 33.Nd3 Kf7 34.Rec2 
Rxa2 35.Rxa2 Rb8 36.Rc2 c6 37.e5 d5 38.Nf4 g5 39.hxg5 hxg5 40.Nh3 Rg8 41.
Na5 Nc4 42.Nxc4 dxc4 43.Rxc4 Kg6 44.bxc6 Nxc6 45.f4 gxf4 46.Nxf4+ Kf5 47.
Kf3 Rg4 48.Kf2 Rg8 49.Kf3 Rg4 50.Kg2 Rg7 51.Ne2 Ke4 52.Ra4 Ke3 53.Nf4 Nxd4
54.Rxd4 Rxg3+ 55.Kxg3 Kxd4 56.Ng6 Ke4 1/2-1/2

[Event "15th Asian-ch"]
[Site "Chengdu CHN"]
[Date "2017.05.19"]
[Round "8"]
[White "Karthikeyan, Murali"]
[Black "Ganguly, Surya Shekhar"]
[Result "1/2-1/2"]
[WhiteElo "2585"]
[BlackElo "2653"]
[EventDate "2017.05.12"]
[PlyCount "145"]

1.e4 e6 2.d4 d5 3.Nd2 c5 4.exd5 Qxd5 5.Ngf3 cxd4 6.Bc4 Qd8 7.O-O a6 8.Nb3 
Nc6 9.Nfxd4 Nxd4 10.Nxd4 Qc7 11.Qe2 Bd6 12.g3 Ne7 13.Rd1 O-O 14.Nf3 b5 15.
Bd3 Bb7 16.Be4 Nd5 17.Nd4 b4 18.a3 bxa3 19.c4 Rae8 20.cxd5 exd5 21.Bxh7+ 
Kxh7 22.Qd3+ Kg8 23.b3 Qa5 24.Bxa3 Bxa3 25.b4 Qxb4 26.Qxa3 Qxa3 27.Rxa3 
Re7 28.f3 Rc8 29.h4 Rc4 30.Kf2 Rb4 31.g4 Rc7 32.h5 Rcc4 33.Ke3 f6 34.Rd2 
Rc5 35.Ne6 Rcc4 36.Nd4 Kf7 37.Nf5 Rb6 38.Kf2 Rc7 39.Re3 a5 40.Ra2 Ra6 41.
Rea3 Rc5 42.Re2 Rc7 43.Rea2 Bc8 44.Rxa5 Rxa5 45.Rxa5 Bxf5 46.gxf5 Rd7 47.
Ke3 Kg8 48.Kd4 Kh7 49.Rxd5 Re7 50.Rd8 Re5 51.f4 Rxf5 52.Ke4 Rxh5 53.f5 Kh6
54.Rd7 Rg5 55.Kf4 Kh5 56.Ra7 Rg1 57.Rb7 Rf1+ 58.Ke4 Kh6 59.Ra7 Rb1 60.Kf4 
Rb4+ 61.Kf3 Kg5 62.Rxg7+ Kxf5 63.Ra7 Rb3+ 64.Kf2 Kg5 65.Ra5+ f5 66.Ra4 Rc3
67.Kg2 Re3 68.Kf2 f4 69.Ra8 Kf5 70.Rf8+ Ke4 71.Re8+ Kd4 72.Rd8+ Ke4 73.
Re8+ 1/2-1/2

[Event "15th Asian-ch"]
[Site "Chengdu CHN"]
[Date "2017.05.19"]
[Round "8"]
[White "Sengupta, Deep"]
[Black "Aravindh, Chithambaram"]
[Result "1/2-1/2"]
[WhiteElo "2586"]
[BlackElo "2588"]
[EventDate "2017.05.12"]
[PlyCount "95"]

1.e4 e5 2.Nf3 Nc6 3.Bc4 Bc5 4.d3 Nf6 5.O-O O-O 6.Bb3 a6 7.c3 d6 8.Bg5 h6 
9.Bh4 g5 10.Bg3 g4 11.Nh4 Nh5 12.Na3 Qg5 13.Nc2 Bd7 14.Qe1 Rae8 15.Ne3 Ne7
16.Rd1 Ba7 17.Qd2 Kh8 18.Rfe1 Ng6 19.Nef5 Nxg3 20.hxg3 Nxh4 21.Nxh4 Qxd2 
22.Rxd2 Kg7 23.d4 Bb6 24.Ree2 h5 25.Kh2 exd4 26.cxd4 f5 27.exf5 Rxe2 28.
Rxe2 Re8 29.Be6 Bxd4 30.f3 Bc6 31.Rc2 d5 32.fxg4 hxg4 33.f6+ Kxf6 34.Bxg4 
Be3 35.Bf3 Rh8 36.Kh3 Ke5 37.g4 d4 38.Rc5+ Kd6 39.Rh5 Rxh5 40.gxh5 Bxf3 
41.gxf3 Ke5 42.Kg2 d3 43.Kf1 c5 44.f4+ Ke4 45.Ng6 Kf5 46.Ne5 Ke4 47.Ng6 
Kf5 48.Ne5 1/2-1/2

[Event "15th Asian-ch"]
[Site "Chengdu CHN"]
[Date "2017.05.19"]
[Round "8"]
[White "Kasimdzhanov, Rustam"]
[Black "Zhu Yi"]
[Result "1-0"]
[WhiteElo "2698"]
[BlackElo "2328"]
[EventDate "2017.05.12"]
[PlyCount "53"]

1.e4 c5 2.Nf3 d6 3.d4 cxd4 4.Nxd4 Nf6 5.Nc3 a6 6.Bg5 Nbd7 7.Qe2 h6 8.Bh4 
g6 9.f4 e5 10.fxe5 dxe5 11.O-O-O Qc7 12.Nb3 b5 13.Rxd7 Nxd7 14.Nd5 Qd6 15.
Na5 Rb8 16.Qf3 Bb7 17.Nxb7 Rxb7 18.Be2 h5 19.Kb1 Bg7 20.Rd1 Qe6 21.Qa3 f6 
22.c4 b4 23.Qa5 O-O 24.c5 Kh8 25.Bf2 b3 26.Qxa6 bxa2+ 27.Ka1 1-0

[Event "15th Asian-ch"]
[Site "Chengdu CHN"]
[Date "2017.05.19"]
[Round "8"]
[White "Xu Xiangyu"]
[Black "Wen Yang"]
[Result "1/2-1/2"]
[WhiteElo "2534"]
[BlackElo "2607"]
[EventDate "2017.05.12"]
[PlyCount "22"]

1.Nf3 d5 2.g3 g6 3.Bg2 Bg7 4.d4 Nd7 5.c4 dxc4 6.Na3 Nb6 7.Nxc4 Nxc4 8.Qa4+
c6 9.Qxc4 Nf6 10.O-O Qb6 11.Re1 O-O 1/2-1/2

[Event "15th Asian-ch"]
[Site "Chengdu CHN"]
[Date "2017.05.19"]
[Round "8"]
[White "Hossain, Enamul"]
[Black "Maghsoodloo, Parham"]
[Result "0-1"]
[WhiteElo "2452"]
[BlackElo "2577"]
[EventDate "2017.05.12"]
[PlyCount "182"]

1.e4 g6 2.d4 Bg7 3.c3 d6 4.Nf3 Nf6 5.Bd3 O-O 6.O-O Nbd7 7.Re1 e5 8.Nbd2 
Re8 9.h3 Nb6 10.a4 a5 11.Qc2 h6 12.dxe5 dxe5 13.Nb3 Nh5 14.Be3 Qf6 15.Nbd2
Nf4 16.Bf1 Bf8 17.Kh2 Bd7 18.g3 Ne6 19.b3 Bc6 20.Bb5 Nc5 21.Bxc6 Qxc6 22.
Rad1 Rad8 23.Bxc5 Bxc5 24.Kg2 Qf6 25.Nf1 h5 26.Rxd8 Qxd8 27.Rd1 Qe7 28.Qd3
c6 29.Ne3 Qe6 30.Rb1 Re7 31.Ng5 Qf6 32.h4 Rd7 33.Qe2 Kg7 34.Rd1 Rxd1 35.
Nxd1 Nc8 36.Nb2 b5 37.Nd3 Bb6 38.g4 bxa4 39.bxa4 hxg4 40.Qxg4 Nd6 41.Qd7 
Nc4 42.Nf3 Bd8 43.Ng5 Be7 44.Qe8 c5 45.Kg1 Nd6 46.Qd7 c4 47.Ne1 Bd8 48.
Nef3 Nxe4 49.Nxe4 Qxf3 50.Qxd8 Qxe4 51.Qxa5 Qg4+ 52.Kf1 Qf5 53.Kg1 Qf4 54.
Kg2 e4 55.Qd5 Qf3+ 56.Kg1 Qxc3 57.Qxe4 Qa1+ 58.Kg2 Qxa4 59.Qe5+ Kg8 60.
Qb8+ Kh7 61.Qb7 Qe8 62.Qc7 Qe4+ 63.Kg3 Kg7 64.Qc5 Qd3+ 65.f3 c3 66.Qe5+ 
Kh7 67.Qc7 Kg7 68.Qe5+ Kf8 69.Qb8+ Ke7 70.Qc7+ Kf6 71.Qf4+ Qf5 72.Qd6+ Kg7
73.Qd4+ Qf6 74.Qc5 Kh6 75.f4 Kh7 76.Qc4 Kg7 77.Qc5 Kh6 78.Qc4 Qg7 79.Qc5 
f5 80.Qc4 Qf6 81.Kh3 Qg7 82.Qc5 Qf7 83.Kg3 Qg7 84.Kh3 Kh5 85.Qg1 Qf6 86.
Qd1+ Kh6 87.Qd3 Qc6 88.Qd4 Qf3+ 89.Kh2 Kh5 90.Qd6 Qf2+ 91.Kh3 Qe3+ 0-1

[Event "15th Asian-ch"]
[Site "Chengdu CHN"]
[Date "2017.05.19"]
[Round "8"]
[White "Bilguun, Sumiya"]
[Black "Sandipan, Chanda"]
[Result "1/2-1/2"]
[WhiteElo "2440"]
[BlackElo "2575"]
[EventDate "2017.05.12"]
[PlyCount "102"]

1.e4 c5 2.Nf3 d6 3.d4 cxd4 4.Nxd4 Nf6 5.Nc3 a6 6.f4 e5 7.Nf3 Nbd7 8.a4 Be7
9.Bd3 O-O 10.O-O exf4 11.Kh1 Nc5 12.Bxf4 Bg4 13.Qd2 Bh5 14.Nd4 Bg6 15.Nf5 
Re8 16.Rae1 Bxf5 17.exf5 d5 18.Be5 d4 19.Bxf6 Bxf6 20.Rxe8+ Qxe8 21.Nd5 
Qc6 22.Nxf6+ Qxf6 23.Qb4 Rc8 24.h3 b6 25.Rf4 Rd8 26.a5 Nxd3 27.cxd3 bxa5 
28.Qxa5 h5 29.Qc5 g5 30.Re4 Rb8 31.Qxd4 Qxd4 32.Rxd4 Rxb2 33.Ra4 Rb6 34.h4
gxh4 35.Kh2 Kg7 36.Kh3 Kf6 37.Kxh4 Kxf5 38.Kxh5 Ke5 39.Kg4 Rd6 40.Re4+ Kd5
41.Rf4 Ke6 42.Ra4 Kd7 43.Kf4 Kc7 44.Ke3 Kb6 45.Kd2 Rc6 46.Rf4 f6 47.d4 a5 
48.d5 Rd6 49.Kc3 Kc5 50.Rf5 a4 51.g4 Rxd5 1/2-1/2

[Event "15th Asian-ch"]
[Site "Chengdu CHN"]
[Date "2017.05.19"]
[Round "8"]
[White "Utegaliev, Azamat"]
[Black "Batchuluun, Cegmed"]
[Result "0-1"]
[WhiteElo "2522"]
[BlackElo "2525"]
[EventDate "2017.05.12"]
[PlyCount "104"]

1.e4 e5 2.Nf3 Nc6 3.Nc3 Nf6 4.g3 Bc5 5.Bg2 d6 6.d3 a5 7.O-O O-O 8.h3 h6 9.
Be3 Bxe3 10.fxe3 Ne7 11.Nh4 c6 12.Kh2 Be6 13.d4 d5 14.Rxf6 gxf6 15.Qh5 Kh7
16.Rf1 Ng6 17.exd5 cxd5 18.Nxd5 f5 19.Nxf5 Qg5 20.Nf6+ Kh8 21.Nxh6 Qxh5 
22.Nxh5 exd4 23.exd4 f5 24.d5 Bd7 25.g4 fxg4 26.Nf7+ Kg8 27.Nf6+ Kg7 28.
Nh5+ Kg8 29.Rf6 gxh3 30.Rxg6+ Kxf7 31.Rg7+ Ke8 32.Bxh3 Bxh3 33.Kxh3 Rd8 
34.c4 Rd7 35.Rg6 Rf2 36.Rg8+ Ke7 37.b3 Rxa2 38.Kg4 Kd6 39.Nf4 Ra3 40.Ra8 
b6 41.Rc8 Rxb3 42.Kf5 Rf7+ 43.Ke4 Rc7 44.Rd8+ Ke7 45.Ne6 Rxc4+ 46.Kf5 Rf3+
47.Kg5 Rc1 48.Kg4 Rf6 49.Rb8 Rg1+ 50.Kh5 Rf5+ 51.Kh4 Rxd5 52.Rxb6 Rd6 0-1

[Event "15th Asian-ch"]
[Site "Chengdu CHN"]
[Date "2017.05.19"]
[Round "8"]
[White "Tabatabaei, Mohammadamin"]
[Black "Wang Yiye"]
[Result "1-0"]
[WhiteElo "2521"]
[BlackElo "2421"]
[EventDate "2017.05.12"]
[PlyCount "47"]

1.e4 e6 2.d4 d5 3.Nd2 Nf6 4.e5 Nfd7 5.Bd3 c5 6.c3 Nc6 7.Ne2 Qb6 8.Nf3 cxd4
9.cxd4 f6 10.exf6 Nxf6 11.O-O Bd6 12.Bf4 Bxf4 13.Nxf4 Qxb2 14.Rb1 Qxa2 15.
Ne5 O-O 16.Nh5 Ne8 17.Rb3 Nxe5 18.dxe5 Rf7 19.Bb1 Qa5 20.Rh3 g6 21.Qg4 Kf8
22.Bxg6 hxg6 23.Qxg6 Ke7 24.Nf6 1-0

[Event "15th Asian-ch"]
[Site "Chengdu CHN"]
[Date "2017.05.19"]
[Round "8"]
[White "Fang Yuxiang"]
[Black "Zhao Yuanhe"]
[Result "1/2-1/2"]
[WhiteElo "2493"]
[BlackElo "2383"]
[EventDate "2017.05.12"]
[PlyCount "98"]

1.d4 d5 2.c4 c6 3.Nf3 Nf6 4.Nc3 e6 5.Bg5 Nbd7 6.cxd5 exd5 7.e3 Be7 8.Bd3 
Nh5 9.Bxe7 Qxe7 10.O-O O-O 11.Qb1 Nhf6 12.b4 a6 13.a4 Re8 14.Rd1 Nf8 15.b5
axb5 16.axb5 Rxa1 17.Qxa1 Bg4 18.Be2 Ne4 19.Re1 Qb4 20.Rc1 Bxf3 21.gxf3 
Nf6 22.bxc6 bxc6 23.Qa4 Qxa4 24.Nxa4 Ne6 25.Ba6 Nd8 26.Nc5 Re7 27.Rb1 Kf8 
28.Rb8 Re8 29.Rc8 Ke7 30.Bb7 Nxb7 31.Rc7+ Kd6 32.Rxb7 Re7 33.Rb8 Nd7 34.
Rd8 Kc7 35.Rg8 Nxc5 36.dxc5 g6 37.Kf1 Kd7 38.Ke2 h5 39.Kd3 Re8 40.Rxe8 
Kxe8 41.e4 dxe4+ 42.fxe4 Ke7 43.f4 Ke6 44.Kd4 f5 45.e5 h4 46.Kc4 Kd7 47.
Kd3 Ke6 48.Kd4 Ke7 49.Ke3 Ke6 1/2-1/2

[Event "15th Asian-ch"]
[Site "Chengdu CHN"]
[Date "2017.05.19"]
[Round "8"]
[White "Nguyen Van Huy"]
[Black "Li Di"]
[Result "1/2-1/2"]
[WhiteElo "2442"]
[BlackElo "2488"]
[EventDate "2017.05.12"]
[PlyCount "262"]

1.d4 d5 2.Nf3 Nf6 3.c4 e6 4.g3 dxc4 5.Bg2 Nc6 6.O-O Rb8 7.Bg5 Be7 8.e3 O-O
9.Nbd2 b5 10.a4 a6 11.axb5 axb5 12.b3 c3 13.Bxf6 gxf6 14.Qc2 b4 15.Nc4 Bb7
16.Ne1 Qd7 17.Nd3 Nd8 18.Bxb7 Nxb7 19.Ra7 Nd6 20.Nc5 Qc8 21.Nxd6 cxd6 22.
Nd7 Rb7 23.Nxf8 Bxf8 24.Ra5 d5 25.Rfa1 f5 26.Kf1 Kg7 27.Ke2 Qd8 28.Ra7 
Rxa7 29.Rxa7 Qg5 30.Kf1 Qg4 31.Kg2 h5 32.Ra2 h4 33.f3 Qg6 34.f4 Qg4 35.Ra1
Be7 36.Qf2 h3+ 37.Kf1 Bd6 38.Qe2 Kf6 39.Kf2 Be7 40.Ra8 Kg7 41.Ra1 Qg6 42.
Qf3 Qg4 43.Ke2 Kf6 44.Rf1 Qg8 45.Ra1 Qg4 46.Kf2 Kg7 47.Qe2 Qg6 48.Qa6 Qh5 
49.Qc8 Bh4 50.Ra8 Bxg3+ 51.hxg3 h2 52.Qg8+ Kf6 53.Qg5+ Qxg5 54.fxg5+ Kxg5 
55.Kg2 f4 56.exf4+ Kf5 57.Rf8 Ke4 58.Rxf7 Kxd4 59.g4 Ke4 60.f5 exf5 61.
gxf5 d4 62.f6 c2 63.Re7+ Kd5 64.Re1 d3 65.f7 d2 66.Rf1 d1=Q 67.f8=Q Qd2+ 
68.Kh1 c1=Q 69.Qf7+ Kd4 70.Rxc1 Qxc1+ 71.Kxh2 Qd2+ 72.Kh3 Kc3 73.Kh4 Kb2 
74.Kh5 Qd1+ 75.Kh6 Qxb3 76.Qf2+ Qc2 77.Qd4+ Qc3 78.Qf2+ Kb1 79.Qf5+ Qc2 
80.Qa5 b3 81.Kg7 Qe4 82.Kh8 b2 83.Qc3 Ka2 84.Qa5+ Kb3 85.Qb5+ Kc2 86.Qc5+ 
Kd1 87.Qg1+ Qe1 88.Qg4+ Qe2 89.Qa4+ Ke1 90.Qh4+ Qf2 91.Qe4+ Qe2 92.Qh4+ 
Kd1 93.Qa4+ Kc1 94.Qf4+ Kc2 95.Qf5+ Qd3 96.Qf2+ Qd2 97.Qf5+ Kb3 98.Qe6+ 
Kc2 99.Qf5+ Qd3 100.Qf2+ Kc1 101.Qe1+ Qd1 102.Qe3+ Qd2 103.Qc5+ Kb1 104.
Qg1+ Ka2 105.Qa7+ Kb3 106.Qf7+ Ka4 107.Qa7+ Qa5 108.Qd7+ Kb3 109.Qe6+ Ka3 
110.Qd6+ Ka2 111.Qe6+ Ka1 112.Qf6 Qh5+ 113.Kg7 Qg4+ 114.Kh8 Qc8+ 115.Kg7 
Qb7+ 116.Kh8 Ka2 117.Qe6+ Ka1 118.Qe5 Qb4 119.Qf6 Qc4 120.Qe5 Kb1 121.Qe1+
Kc2 122.Qf2+ Kb3 123.Qb6+ Qb4 124.Qe6+ Kc2 125.Qf5+ Kd1 126.Qf3+ Kd2 127.
Qf2+ Kc3 128.Qe3+ Kc2 129.Qe2+ Qd2 130.Qe4+ Qd3 131.Qg2+ Kd1 1/2-1/2

[Event "15th Asian-ch"]
[Site "Chengdu CHN"]
[Date "2017.05.19"]
[Round "8"]
[White "Gundavaa, Bayarsaihan"]
[Black "Liu Yan"]
[Result "1/2-1/2"]
[WhiteElo "2485"]
[BlackElo "2413"]
[EventDate "2017.05.12"]
[PlyCount "47"]

1.Nf3 Nf6 2.c4 e6 3.g3 b6 4.Bg2 Bb7 5.O-O Be7 6.d4 O-O 7.Nc3 Ne4 8.Bd2 Bf6
9.Be1 c5 10.Qc2 Nxc3 11.Bxc3 Nc6 12.d5 exd5 13.cxd5 Nb4 14.Bxb4 cxb4 15.e4
d6 16.Qd2 a5 17.Rac1 Qe7 18.Rfe1 Rac8 19.Nd4 Qe5 20.Nf5 Rxc1 21.Rxc1 Qxb2 
22.Rc2 Qa1+ 23.Rc1 Qb2 24.Rc2 1/2-1/2